000 00757pam a2200241 a 4500
001 2016077
003 OSt
005 20180124151016.0
008 911008s1992 nyua b 001 0 eng
010 _a 91038099
020 _a9780697814432
040 _aDLC
_cDLC
_dDLC
050 0 0 _aHF5635
_b.I58 2013
082 0 0 _a657/.044
_220
245 1 0 _aIntermediate accounting /
260 _aNew York :
_bMcGraw-Hill,
_c2013.
300 _axxxii, 1387 p. :
_bill. ;
_c26 cm.
504 _aIncludes bibliographical references and index.
650 0 _aAccounting.
906 _a7
_bcbc
_corignew
_d1
_eocip
_f19
_gy-gencatlg
942 _2lcc
_cBK
999 _c51914
_d51914